|
|
|
|
| LEADER |
00000nab a2200000 a 4500 |
| 001 |
vtls000566946 |
| 003 |
SK-MaSNL |
| 005 |
20260319074544.0 |
| 008 |
160216c1995 xo 0 hun |
| 015 |
|
|
|a SNBRB19rr/mm-uuuuu
|
| 035 |
|
|
|a CL0567084
|
| 040 |
|
|
|a SNKBUCL
|b slo
|c SNKBUCL
|e AACR2
|
| 041 |
0 |
|
|a hun
|
| 044 |
|
|
|a xo
|c SK
|
| 080 |
|
|
|a 82:929:894.511 (437.6)
|2 1981
|
| 080 |
|
|
|a 894.511 (437.6)
|2 1981
|
| 080 |
|
|
|a 929 Mayer, Judit
|2 1981
|
| 080 |
|
|
|a 82.035
|2 1981
|
| 100 |
1 |
|
|a Mayer, Judit,
|d 1923-2015
|4 aut
|9 187289
|
| 245 |
1 |
0 |
|a Hogyan fordít a fordító?
|b Találkozás Mayer Judittal
|c Judit Mayer, Eszter Cséfalvay K.
|
| 300 |
|
|
|b Fotogr. 3
|
| 600 |
1 |
7 |
|a Mayer, Judit,
|d 1923-2015
|2 snkbucl
|9 187289
|
| 655 |
|
7 |
|a rozhovory
|2 snkbucl
|9 31831
|
| 655 |
|
7 |
|a články z odboru literárna veda a krásna literatúra
|2 snkbucl
|9 770045
|
| 655 |
|
7 |
|a články z novín a časopisov
|2 snkbucl
|9 267496
|
| 700 |
1 |
|
|a Cséfalvay K., Eszter
|4 aut
|9 983940
|
| 773 |
0 |
|
|t Új nő
|g Roč. 4, č. 11 (1995), s. 9-10
|
| 850 |
|
|
|a Slovenská národná knižnica v Martine
|a DSG001
|
| 852 |
|
|
|a SNK
|b KIS3GCP
|
| 958 |
|
|
|a BX
|
| 958 |
|
|
|a RK
|
| 958 |
|
|
|a HU
|
| 958 |
|
|
|a LX
|
| 958 |
|
|
|a SK
|
| 992 |
|
|
|a RBX
|
| 999 |
|
|
|c 1601554
|d 1603484
|